000 00643nam a2200193Ia 4500
003 GCL
008 140319s9999 xx 000 0 ara d
040 _aGCL /
_cGCL
082 0 4 _a810.97
_bش ع
100 1 _aشوقى ضيف
245 1 0 _aعصر الدول والامارات الجزائر - المغرب الاقصى - موريتانيا - السودان /
_cشوقى ضيف
250 _aالاولى
260 _aالقاهرة :
_bدار المعارف ،
_c1962
300 _a706 ص ؛
_c24 سم
490 _a
650 0 4 _aالادب العربى
650 0 4 _aالادب العربى - تاريخ ونقد
942 _2ddc
_cBK
999 _c38203
_d38203